000 00358nam a22001217a 4500
082 _a200 THE
100 _aWajid Rafiq
_970369
245 _aTH-SOF-1163-Sociology Study Using Email Data and Social Network Analysis
260 _aISLAMABAD
_bNUST COLLEGE OF EME
_c2015
650 _aMS-CSE-12 MSTHESIS
700 _a Dr. Shoab Ahmed Khan
_916053
942 _cCF
999 _c577355
_d577355